000 00410 a2200145 4500
005 20250629144203.0
020 _a0-471-79746-4
082 _a658.8 PAP
100 _aPAPADOPOULOS, N
245 _aMarketing
260 _aNew York,
_bJohn Wiley & Sons Canadian Ltd,
_c1988.
300 _axvi, 924p.: ill.; figure, picture,
_bglossary, index,
_c26cm.
700 _aZIKMUND, W . & AMICO, M .
942 _2ddc
_cBKS
999 _c2711
_d2711